[Event "COL-ch Visually limited (Women)"]
[Site "Ibague"]
[Date "2015.11.28"]
[Round "1.1"]
[White "Franco, Yolima"]
[Black "Barandica Monsalve, Cindy"]
[Result "1-0"]
[WhiteElo "1692"]
[BlackElo "1688"]
[PlyCount "55"]
[EventDate "2015.11.28"]
[EventType "swiss"]
[EventRounds "5"]
[EventCountry "COL"]
[SourceTitle "EXT 2024"]
[Source "ChessBase"]
[SourceDate "2023.10.10"]
[SourceVersion "1"]
[SourceVersionDate "2023.10.10"]
[SourceQuality "1"]

1. c4 Nf6 2. Nc3 d5 3. cxd5 Nxd5 4. e4 Nf4 5. d4 g5 6. g3 h6 7. gxf4 gxf4 8. Bxf4 Bg7 9. e5 Nc6 10. Nf3 Bg4 11. Be2 Bxf3 12. Bxf3 Nxd4 13. Bxb7 Rb8 14. Qa4+ Kf8 15. Be4 Rxb2 16. 0-0-0 c5 17. Kxb2 Qb8+ 18. Kc1 f6 19. Be3 fxe5 20. Rhg1 Qc7 21. Qc4 Qa5 22. Bg6 e6 23. Bxd4 exd4 24. Nb5 Bf6 25. Qxe6 Rh7 26. Qe8+ Kg7 27. Qf7+ Kh8 28. Qxh7# 1-0

[Event "COL-ch visually impaired (Women) 2nd"]
[Site "Cali"]
[Date "2008.10.26"]
[Round "3.1"]
[White "Cardona, Alma Francisca"]
[Black "Barandica Monsalve, Cindy"]
[Result "0-1"]
[WhiteElo "1600"]
[BlackElo "1600"]
[PlyCount "41"]
[EventDate "2008.10.25"]
[EventType "swiss"]
[EventRounds "7"]
[EventCountry "COL"]
[SourceTitle "EXT 2024"]
[Source "ChessBase"]
[SourceDate "2023.10.10"]
[SourceVersion "1"]
[SourceVersionDate "2023.10.10"]
[SourceQuality "1"]

1. e4 e5 2. Nf3 Nc6 3. Bc4 Nf6 4. Nc3 d6 5. h3 Be6 6. Bxe6 fxe6 7. 0-0 d5 8. exd5 exd5 9. Re1 e4 10. d4 Bd6 11. Bg5 0-0 12. Nh2 Bxh2+ 13. Kxh2 Qd6+ 14. Kg1 Rae8 15. Ne2 Nh5 16. Rf1 Qg6 17. Qd2 Rf5 18. g4 Rxg5 19. Ng3 Nf6 20. Rae1 e3 21. Qd3 0-1